Books Missing 'J' Words Quiz Stats

 Plays Quiz Updated Jul 14, 2019

Score 0/18 Timer 03:00
12 Plays Today
Hint Answer % Correct
Jungle
97.6%
Julius
97.2%
Jane
97.1%
Jurassic
97%
James
94.3%
Jones's
89.8%
Jekyll
88.9%
Justice
82.1%
Joy
81.2%
Hint Answer % Correct
Jar
81.1%
John
79.6%
Journey
70.4%
Jim
63.7%
Jonathan
63.6%
Journal
52.9%
Jest
50%
Jealous
16.7%
Jayber
5.3%

You're not logged in!

Compare scores with friends on all Sporcle quizzes.
OR
Log In

Sporcle TV

Today on Sporcle TV


Watch our educational content, quiz creation guides, and fun videos on Sporcle TV.

Show Comments

Extras

Top Quizzes Today


Score Distribution

Your Account Isn't Verified!

In order to create a playlist on Sporcle, you need to verify the email address you used during registration. Go to your Sporcle Settings to finish the process.

Report this User

Report this user for behavior that violates our Community Guidelines.

Details: